banner koha

Growth and physiology of ornamental sunflower under salinity in function of paclobutrazol application methods (Registro n. 338578)

MARC details
000 -LÍDER
fixed length control field 04522nab a2200373 i 4500
003 - CÓDIGO MARC DA AGÊNCIA CATALOGADORA
Campo de controle BR-BrBNA
005 - DATA E HORA DA ÚLTIMA ATUALIZAÇÃO
Campo de controle 20251006171552.0
008 - CAMPO DE TAMANHO FIXO
fixed length control field 251006b2021 bl.mr|pooa||| 00| 0 eng |
040 ## - FONTE DA CATALOGAÇÃO
Agência catalogadora BR-BrBNA
Idioma da catalogação eng
072 ## - CATEGORIA AGRIS
Código AGRIS F60
Código do objeto 0337
072 ## - CATEGORIA AGRIS
Código AGRIS F61
072 ## - CATEGORIA AGRIS
Código AGRIS F01
100 ## - ENTRADA PRINCIPAL - NOME PESSOAL
Nome pessoal Guimarães , Rafaela F. B.
100 ## - ENTRADA PRINCIPAL - NOME PESSOAL
Nome pessoal Maia Júnior, Sebastião de O.
100 ## - ENTRADA PRINCIPAL - NOME PESSOAL
Nome pessoal Lima, Robson F. de
100 ## - ENTRADA PRINCIPAL - NOME PESSOAL
Nome pessoal Souza, Allesson R. de
100 ## - ENTRADA PRINCIPAL - NOME PESSOAL
Nome pessoal Andrade, Jailma R. de
100 ## - ENTRADA PRINCIPAL - NOME PESSOAL
Nome pessoal Nascimento, Ronaldo do
245 ## - TÍTULO PRINCIPAL
Título principal Growth and physiology of ornamental sunflower under salinity in function of paclobutrazol application methods
500 ## - NOTA GERAL
Nota geral Publicação on-line; 25 ref.; 4 illus; Sumaries (En, Pt)
942 ## - ADDED ENTRY ELEMENTS (KOHA)
Koha item type Analítica
520 ## - NOTA DE RESUMO
Nota de conteúdo <br/><br/>ABSTRACT: The ornamental sunflower has great importance in the floriculture sector due to the color and vitality of its flowers. However, the production and quality of flowers decrease under salt stress, which can be mitigated with paclobutrazol application. The objective of the present study was to evaluate the effects of different application methods of paclobutrazol in ornamental sunflower ‘Sol Noturno’ irrigated with brackish waters. The experimental design was randomized blocks arranged in a 5 × 3 factorial scheme, corresponding to five electrical conductivities of irrigation water - ECw (0.4; 1.9; 3.4; 4.9, and 6.4 dS m-1) and three paclobutrazol application methods (foliar application, via soil and a control treatment - without paclobutrazol), with four replicates. The increase in salinity of irrigation water reduced gas exchange, photosystem II photochemical efficiency, SPAD index, plant height, and chapter diameter. The paclobutrazol application via soil or foliar increased stomatal conductance and transpiration by 21.09 and 17.80%, respectively, in comparison to plants without application, whereas photosynthesis and instantaneous carboxylation efficiency increased by 28.33 and 31.18% via soil and 14.40 and 16.12% via foliar, respectively. The paclobutrazol application, mainly via soil, favored ‘Sol Noturno’ sunflower plants under salt stress, increasing chlorophyll SPAD index and external chapter diameter, and keeping the number of the petals.<br/><br/>Key words: Helianthus annuus L., gas exchange, growth regulator
520 ## - NOTA DE RESUMO
Nota de conteúdo <br/><br/>RESUMO: O girassol ornamental tem grande importância no setor de floricultura devido a cor e exuberância de suas flores. Porém, sua produção e qualidade das flores diminuem sob estresse salino, o qual pode ser atenuado com a aplicação de paclobutrazol. O objetivo foi avaliar os efeitos de diferentes métodos de aplicação de paclobutrazol em girassol ornamental ‘Sol Noturno’ irrigado com águas salobras. O delineamento experimental consistiu em blocos casualizados em esquema fatorial 5 × 3, correspondendo a cinco condutividades elétricas da água de irrigação - CEa (0,4; 1,9; 3,4; 4,9 e 6,4 dS m-1) e três métodos de aplicação de paclobutrazol (aplicação foliar, via solo e uma testemunha - sem paclobutrazol), com quatro repetições. O aumento da salinidade da água de irrigação reduziu as trocas gasosas, eficiência efetiva do fotossistema II, índice SPAD, altura de plantas e diâmetros do capítulo. A aplicação de paclobutrazol na folha e via solo aumentou a condutância estomática e a transpiração por 21,09 e 17,80%, respectivamente, em relação às plantas sem aplicação, enquanto a fotossíntese e eficiência instantânea de carboxilação aumentaram 28,33 e 31,18% via solo, e 14,40 e 16,12% via foliar, respectivamente. A aplicação de paclobutrazol, principalmente via solo, favoreceu as plantas de girassol ‘Sol Noturno’ sob estresse salino, aumentando o índice de clorofila SPAD e o diâmetro externo do capítulo, e mantendo o número de pétalas.<br/><br/>Palavras-chave: Helianthus annuus L., trocas gasosas, regulador de crescimento
650 ## - ASSUNTO - THESAGRO
Cabeçalho tópico ou nome geográfico GIRASSOL
650 ## - ASSUNTO - THESAGRO
Cabeçalho tópico ou nome geográfico PLANTA ORNAMENTAL
650 ## - ASSUNTO - THESAGRO
Cabeçalho tópico ou nome geográfico TROCA GASOSA
650 ## - ASSUNTO - THESAGRO
Cabeçalho tópico ou nome geográfico CLOROFILA
650 ## - ASSUNTO - THESAGRO
Cabeçalho tópico ou nome geográfico TRANSPIRAÇÃO VEGETAL
650 ## - ASSUNTO - THESAGRO
Cabeçalho tópico ou nome geográfico SALINIDADE
650 ## - ASSUNTO - THESAGRO
Cabeçalho tópico ou nome geográfico REGULADOR DE CRESCIMENTO
773 0# - ENTRADA ANALÍTICA
Host Biblionumber 3534
Registro do item 317816
Imprenta Campina Grande-PB Universidade Federal de Campina Grande. Centro de Ciências e Tecnologia 1997
Outro identificador 2024-4535
Título Revista Brasileira de Engenharia Agrícola e Ambiental (Brazil)
ISSN 1415-4366
Colação v. 25 (12) p. 853-861; (2021)
Número de controle de registro BR2025002124
856 ## - ACESSO E ENDEREÇO ELETRÔNICO
Identificador uniforme de recurso - URI https://www.scielo.br/j/rbeaa/a/8y6ktFyLg48rzyH6tkcy4dH/?format=pdf&lang=en

Nenhum exemplar disponível.

BINAGRI

Telefone: (61)3218-2567/2388/3357/2097 - binagri@agro.gov.br

Ministério da Agricultura e Pecuária , Esplanada dos Ministérios, Bloco D, Anexo B, Brasília/DF, CEP: 70.043-900